| 000 | 00905nam a2200241 a 4500 | ||
|---|---|---|---|
| 001 | 54159 | ||
| 003 | BD-RjUL | ||
| 005 | 20211209080059.0 | ||
| 008 | 160814r19941984ii ||||| |||| 00| p ben d | ||
| 020 |
_c: IRs.35.00 _a8170796784 |
||
| 035 | _a(BD-RjUL)54281 | ||
| 040 |
_aBD-RjUL _bben _cBD-RjUL _dBD-RjUL |
||
| 041 | _aben | ||
| 082 |
_223 _a891.441 _bMIS 1994 |
||
| 100 | 1 |
_aমিত্র, প্রেমেন্দ্র _9146650 |
|
| 245 | 1 | 0 |
_aশ্রেষ্ঠ কবিতা / _cপ্রেমেন্দ্র মিত্র, |
| 250 | _aপরিবর্ধিত দেজ সং. | ||
| 260 |
_aকলকাতা : _bদেজ পাবলিশিং, _c১৯৮৪ [মুদ্রণ ১৯৯৪] |
||
| 300 |
_a১৩৫ পৃ. ; _c২১ সেমি. |
||
| 650 |
_aবাংলা কবিতা _9145066 |
||
| 650 |
_aBengali Poetry _9121520 |
||
| 942 |
_2ddc _cBK |
||
| 999 |
_c54159 _d54159 |
||